01373nam a22001937a 450000500170000000800410001704000550005804100080011308200160012110000400013724500580017726000710023530000370030649000390034350006560038250600210103860000680105965000520112720240116095805.0130510n ck ||||fr|||| 00| 0bspa d cSandra Yazo (modificó)dSandra Yazo (modificó)0 aspa04220a759.9611 aPizano Restrepo, Robertod1896-192910aBiografía de Gregorio Vásquezcpor Roberto Pizano aBogotá (Colombia)bEditorial Minerva S. A. c[fecha desconocida] a135, [1] páginasc18 x 14 cm.  0aBiblioteca Aldeana de Colombiav59 aDetalles físicos: Sin encuadernación original. Actualmente: Encuadernación rígida (holandesa) en cartón forrado en papel jaspeado en tono azul. Lomo de tela, con letras y líneas decorativas en dorado. Cortes decorados (jaspeado azul). Guardas. Hoja de cortesía. Portada impresa en una sola tinta. Grabado con el emblema de la Colección. Texto impreso en una sola columna, con diferentes tipos y tamaños de letra. Notas de pie de página. Papel oxidado en bordes de las hojas. En la encuadernación (lomo) se indica una numeración (59). Colección Aldeana de Colombia es una selección de Samper Ortega de Literatura Colombiana. aConsulta en sala 0aVásquez de Arce y Ceballos, Gregoriod1638-1711vBiografías 7aPintores colombianosySiglo XVIIIxBiografías